[Event "Rio Grande op 22nd"]
[Site "Rio Grande"]
[Date "2022.10.21"]
[Round "6"]
[White "Quiroga, Angel"]
[Black "Maldonado Gomez, Rodolfo"]
[Result "0-1"]
[WhiteElo "1878"]
[BlackElo "1782"]
[PlyCount "108"]
[EventDate "2022.10.19"]
[EventType "swiss"]
[EventRounds "7"]
[EventCountry "ARG"]
[SourceTitle "EXT 2024"]
[Source "ChessBase"]
[SourceDate "2023.10.10"]
[SourceVersion "1"]
[SourceVersionDate "2023.10.10"]
[SourceQuality "1"]

1. d4 Nf6 2. c4 e6 3. Nc3 d5 4. cxd5 exd5 5. Bg5 Be7 6. e3 0-0 7. Bd3 c6 8. Rc1 Nbd7 9. Nf3 Re8 10. 0-0 Nf8 11. Qc2 h6 12. Bh4 Be6 13. Ne5 Ng4 14. Bg3 Nxe5 15. Bxe5 Nd7 16. Bg3 Nf6 17. Ne2 Bd6 18. Nf4 Bc8 19. Rfe1 Ne4 20. Bxe4 dxe4 21. Red1 Bxf4 22. Bxf4 Be6 23. b3 Bd5 24. Qe2 Re6 25. b4 Rg6 26. b5 Qd7 27. bxc6 bxc6 28. Qh5 Re8 29. Rd2 Ree6 30. Rb2 Ref6 31. Qe5 Re6 32. Rb8+ Kh7 33. Qf5 Rd6 34. Qxd7 Rxd7 35. a3 Re6 36. Rcb1 g5 37. Bg3 h5 38. h4 gxh4 39. Bxh4 Rg6 40. Rc8 Rg8 41. Rxg8 Kxg8 42. Kh2 Kh7 43. Kg3 Rd6 44. Rb8 Rg6+ 45. Kh2 a6 46. Bg3 Bc4 47. Be5 f6 48. Bf4 Rg7 49. Bd6 Rf7 50. Re8 Bd5 51. Rb8 Bc4 52. a4 Rd7 53. Bc5 Rf7 54. Re8 Bd5 0-1

[Event "Rio Grande op 22nd"]
[Site "Rio Grande"]
[Date "2022.10.19"]
[Round "2"]
[White "Martinez, Carlos3333"]
[Black "Maldonado Gomez, Rodolfo"]
[Result "1-0"]
[WhiteElo "1955"]
[BlackElo "1782"]
[PlyCount "57"]
[EventDate "2022.10.19"]
[EventType "swiss"]
[EventRounds "7"]
[EventCountry "ARG"]
[SourceTitle "EXT 2024"]
[Source "ChessBase"]
[SourceDate "2023.10.10"]
[SourceVersion "1"]
[SourceVersionDate "2023.10.10"]
[SourceQuality "1"]

1. d4 Nf6 2. Bf4 d5 3. e3 e6 4. Nf3 Bd6 5. Bg3 c5 6. Nbd2 0-0 7. c3 b6 8. Bd3 Bb7 9. Ne5 Nc6 10. f4 Ne7 11. Qf3 a5 12. Bh4 Ng6 13. Bxf6 gxf6 14. Ng4 f5 15. Ne5 Bxe5 16. fxe5 cxd4 17. exd4 Ba6 18. Bxa6 Rxa6 19. h4 f6 20. h5 Ne7 21. exf6 Rxf6 22. g4 Qd6 23. 0-0-0 e5 24. Qe2 exd4 25. Qxa6 dxc3 26. Nb3 Qf4+ 27. Kb1 a4 28. Nd4 cxb2 29. Qa8+ 1-0

[Event "Villa Tehuelches op 5th"]
[Site "Villa Tehuelches"]
[Date "2019.07.11"]
[Round "2"]
[White "Maldonado Gomez, Rodolfo"]
[Black "Ruiz Barrientos, Gabriel Alberto"]
[Result "1/2-1/2"]
[WhiteElo "1799"]
[BlackElo "1440"]
[PlyCount "97"]
[EventDate "2019.07.11"]
[EventType "swiss"]
[EventRounds "7"]
[EventCountry "CHI"]
[SourceTitle "CBM 191 Extra"]
[Source "ChessBase"]
[SourceDate "2019.09.30"]
[SourceVersion "1"]
[SourceVersionDate "2019.09.30"]
[SourceQuality "1"]

1. e4 e6 2. d4 g5 3. Bd3 b6 4. Be3 Bg7 5. Qd2 h6 6. Ne2 Bb7 7. 0-0 Nc6 8. c4 Qe7 9. Nbc3 0-0-0 10. a3 Nf6 11. b4 Ng4 12. c5 Nxe3 13. Qxe3 d6 14. cxb6 cxb6 15. Rfb1 Qd7 16. a4 d5 17. e5 f6 18. exf6 Bxf6 19. a5 Kb8 20. axb6 axb6 21. Na4 e5 22. Nxb6 Qc7 23. dxe5 Bxe5 24. b5 Ne7 25. Rc1 d4 26. Nxd4 Bxd4 27. Rxc7 Bxe3 28. Rxe7 Bxb6 29. Bf5 Rd2 30. Be4 Bxf2+ 31. Kh1 Bxe4 32. Rxe4 Bd4 33. Rb1 Rf8 34. Re6 Rf6 35. Rxf6 Bxf6 36. g3 Rb2 37. Rf1 Bd4 38. Rd1 Rb4 39. Kg2 Kb7 40. Kf3 Kb6 41. Kg4 Kxb5 42. Kh5 Bg7 43. Rd7 Bf8 44. Rf7 Bc5 45. Kxh6 g4 46. Kh5 Bg1 47. Rf4 Bxh2 48. Rxb4+ Kxb4 49. Kxg4 1/2-1/2

[Event "Villa Tehuelches Cuarto op"]
[Site "Villa Tehuelches"]
[Date "2018.07.14"]
[Round "7"]
[White "Frutos, Leandro Jose"]
[Black "Maldonado Gomez, Rodolfo"]
[Result "1/2-1/2"]
[WhiteElo "1187"]
[BlackElo "1823"]
[PlyCount "43"]
[EventDate "2018.07.11"]
[EventType "swiss"]
[EventRounds "7"]
[EventCountry "CHI"]
[SourceTitle "EXT 2020"]
[Source "ChessBase"]
[SourceDate "2019.10.17"]
[SourceVersion "1"]
[SourceVersionDate "2019.10.17"]
[SourceQuality "1"]

1. d4 Nf6 2. c4 e6 3. Nf3 d5 4. g3 Be7 5. Bg2 0-0 6. 0-0 c6 7. Nbd2 Nbd7 8. Qc2 Re8 9. e4 dxe4 10. Nxe4 Nxe4 11. Qxe4 Nf6 12. Qc2 h6 13. b3 Bf8 14. Bb2 g6 15. Rad1 Bg7 16. Rd2 Qb6 17. c5 Qc7 18. Re1 Nd5 19. Ne5 a5 20. a3 Rb8 21. Nd3 Bd7 22. Rde2 1/2-1/2

[Event "Villa Tehuelches Cuarto op"]
[Site "Villa Tehuelches"]
[Date "2018.07.13"]
[Round "5"]
[White "Diaz Valderrama, Rodrigo"]
[Black "Maldonado Gomez, Rodolfo"]
[Result "1/2-1/2"]
[WhiteElo "1727"]
[BlackElo "1823"]
[PlyCount "30"]
[EventDate "2018.07.11"]
[EventType "swiss"]
[EventRounds "7"]
[EventCountry "CHI"]
[SourceTitle "EXT 2020"]
[Source "ChessBase"]
[SourceDate "2019.10.17"]
[SourceVersion "1"]
[SourceVersionDate "2019.10.17"]
[SourceQuality "1"]

1. e4 e6 2. d4 g6 3. Nf3 Bg7 4. Bg5 f6 5. Bh4 g5 6. Bg3 h5 7. h3 d6 8. c3 Qe7 9. Nfd2 e5 10. d5 f5 11. exf5 Bxf5 12. Qf3 Bd7 13. Nc4 g4 14. Qd1 Nf6 15. Bh4 Qf7 1/2-1/2

[Event "Villa Tehuelches Cuarto op"]
[Site "Villa Tehuelches"]
[Date "2018.07.12"]
[Round "3"]
[White "Vigil, Lucas"]
[Black "Maldonado Gomez, Rodolfo"]
[Result "1-0"]
[WhiteElo "2167"]
[BlackElo "1823"]
[PlyCount "91"]
[EventDate "2018.07.11"]
[EventType "swiss"]
[EventRounds "7"]
[EventCountry "CHI"]
[SourceTitle "EXT 2019"]
[Source "ChessBase"]
[SourceDate "2018.10.10"]
[SourceVersion "1"]
[SourceVersionDate "2018.10.10"]
[SourceQuality "1"]

1. d4 Nf6 2. c4 e6 3. Nf3 d5 4. Nc3 g6 5. Bg5 c6 6. e3 Bg7 7. Qb3 0-0 8. Be2 h6 9. Bf4 Nbd7 10. h3 Re8 11. 0-0 g5 12. Bh2 Nf8 13. Ne5 Ng6 14. Nxg6 fxg6 15. Qc2 Rf8 16. Qxg6 Qe8 17. Qxe8 Rxe8 18. Be5 Nd7 19. Bxg7 Kxg7 20. b4 Nf6 21. Rfd1 h5 22. b5 Bd7 23. Rab1 g4 24. hxg4 hxg4 25. bxc6 Bxc6 26. cxd5 exd5 27. g3 Rh8 28. Kg2 Rhf8 29. Rh1 Rf7 30. Rh4 b6 31. Bxg4 Nxg4 32. Rxg4+ Kf8 33. Rh1 Ke7 34. Rh6 Rc8 35. Ne2 Bb5 36. Nf4 Rc1 37. Rg8 Kd7 38. Ra8 Rc7 39. Nxd5 Bc6 40. Rxc6 Kxc6 41. Nxc7 Rxc7 42. g4 Kb5 43. g5 a5 44. f4 Rc2+ 45. Kf3 Rxa2 46. g6 1-0

[Event "Punta Arenas op 2nd"]
[Site "Punta Arenas"]
[Date "2018.02.10"]
[Round "6.1"]
[White "Maldonado Gomez, Rodolfo"]
[Black "Hurtado Bahamonde, Matias"]
[Result "0-1"]
[WhiteElo "1823"]
[BlackElo "1982"]
[PlyCount "92"]
[EventDate "2018.02.05"]
[EventType "swiss"]
[EventRounds "6"]
[EventCountry "CHI"]
[SourceTitle "EXT 2024"]
[Source "ChessBase"]
[SourceDate "2023.10.10"]
[SourceVersion "1"]
[SourceVersionDate "2023.10.10"]
[SourceQuality "1"]

1. d4 d5 2. c4 c6 3. e3 Nf6 4. Nf3 Bf5 5. Bd3 Bg6 6. cxd5 cxd5 7. 0-0 e6 8. Nc3 Be7 9. Ne5 Nbd7 10. Nxd7 Nxd7 11. e4 dxe4 12. Bxe4 Bxe4 13. Nxe4 Nb6 14. b3 0-0 15. Bb2 Nd5 16. Qf3 Rc8 17. Rac1 Qa5 18. a4 Rfd8 19. Qg3 h6 20. Qf3 b5 21. axb5 Qxb5 22. Ra1 Rc2 23. Rab1 Rdc8 24. g3 f5 25. Nc5 Bxc5 26. dxc5 Qxc5 27. Ba1 Qb4 28. Rfe1 Qb6 29. Rbd1 Kh7 30. Rxd5 exd5 31. Qxf5+ Qg6 32. Qxd5 Rc1 33. Qe5 Re8 34. Rxc1 Rxe5 35. Bxe5 Qe6 36. f4 Qxb3 37. Rc7 Qe3+ 38. Kg2 Qe2+ 39. Kg1 Kg6 40. Rxg7+ Kf5 41. g4+ Ke4 42. Rb7 Qxg4+ 43. Kh1 Qf3+ 44. Kg1 Qd1+ 45. Kf2 Qc2+ 46. Kg1 Kf3 0-1

[Event "Punta Arenas op 2nd"]
[Site "Punta Arenas"]
[Date "2018.02.08"]
[Round "4.3"]
[White "Freire Paredes, Nicolas Ignacio"]
[Black "Maldonado Gomez, Rodolfo"]
[Result "1/2-1/2"]
[WhiteElo "1552"]
[BlackElo "1823"]
[PlyCount "89"]
[EventDate "2018.02.05"]
[EventType "swiss"]
[EventRounds "6"]
[EventCountry "CHI"]
[SourceTitle "EXT 2024"]
[Source "ChessBase"]
[SourceDate "2023.10.10"]
[SourceVersion "1"]
[SourceVersionDate "2023.10.10"]
[SourceQuality "1"]

1. e4 c6 2. d4 g6 3. Nf3 Bg7 4. c4 d6 5. Be3 Nf6 6. Nc3 0-0 7. Be2 Nbd7 8. h3 Re8 9. e5 dxe5 10. dxe5 Nh5 11. g4 Qa5 12. Qa4 Qc7 13. gxh5 Nxe5 14. hxg6 hxg6 15. Qc2 Bf5 16. Qb3 Rad8 17. Nxe5 Qxe5 18. Rd1 Rxd1+ 19. Qxd1 b6 20. h4 Qa5 21. h5 Bxc3+ 22. bxc3 Qxc3+ 23. Qd2 Qa1+ 24. Bd1 Qe5 25. h6 Kh7 26. Bc2 Qa1+ 27. Bd1 Qe5 28. Bc2 Bg4 29. Bd1 Bxd1 30. Qxd1 Qe4 31. Rg1 Qxc4 32. Qd7 Rg8 33. Qxe7 Qxa2 34. Rg3 c5 35. Kf1 a5 36. Kg2 Qd5+ 37. Kg1 a4 38. Qa7 a3 39. Qxa3 Ra8 40. Qb2 Rg8 41. Qxb6 c4 42. Qb2 Qd7 43. Qc3 Qd1+ 44. Kg2 Qd5+ 45. Kg1 1/2-1/2

[Event "Villa Tehuelches op"]
[Site "Villa Tehuelches"]
[Date "2017.07.12"]
[Round "3"]
[White "Barra Carrasco, Hector"]
[Black "Maldonado Gomez, Rodolfo"]
[Result "1-0"]
[WhiteElo "2121"]
[BlackElo "1834"]
[PlyCount "77"]
[EventDate "2017.07.11"]
[EventType "swiss"]
[EventRounds "7"]
[EventCountry "CHI"]
[SourceTitle "EXT 2018"]
[Source "ChessBase"]
[SourceDate "2017.10.13"]
[SourceVersion "1"]
[SourceVersionDate "2017.10.13"]
[SourceQuality "1"]

1. c4 e5 2. g3 Nf6 3. Bg2 c5 4. Nc3 Nc6 5. Nf3 d6 6. 0-0 Be7 7. Rb1 0-0 8. a3 a5 9. d3 Bd7 10. Ne1 Rb8 11. Nc2 Qc8 12. Ne3 Bh3 13. Ned5 Bxg2 14. Kxg2 Nxd5 15. Nxd5 Bd8 16. b4 axb4 17. axb4 cxb4 18. Nxb4 f5 19. Nd5 Qe6 20. Bd2 Qg6 21. f4 h5 22. e3 Ne7 23. Rb5 Nxd5 24. Rxd5 exf4 25. exf4 h4 26. Qf3 hxg3 27. hxg3 Ra8 28. Rb5 Ra2 29. Rf2 Ra1 30. Bc3 Rc1 31. Bb2 Re1 32. Rxb7 Bf6 33. Bxf6 Rxf6 34. Re2 Rc1 35. Rb8+ Kh7 36. Qa8 Qf7 37. Rh8+ Kg6 38. Qf3 Rg1+ 39. Kh2 1-0

[Event "Villa Tehuelches op"]
[Site "Villa Tehuelches"]
[Date "2017.07.11"]
[Round "1"]
[White "Perez Gormaz, Matias Ariel"]
[Black "Maldonado Gomez, Rodolfo"]
[Result "1-0"]
[WhiteElo "2377"]
[BlackElo "1834"]
[PlyCount "73"]
[EventDate "2017.07.11"]
[EventType "swiss"]
[EventRounds "7"]
[EventCountry "CHI"]
[SourceTitle "EXT 2018"]
[Source "ChessBase"]
[SourceDate "2017.10.13"]
[SourceVersion "1"]
[SourceVersionDate "2017.10.13"]
[SourceQuality "1"]

1. e4 e5 2. Bc4 Nf6 3. d3 Nc6 4. Nf3 Be7 5. 0-0 0-0 6. Re1 d6 7. a4 Bg4 8. h3 Bh5 9. c3 h6 10. Nbd2 Re8 11. Nf1 Bf8 12. Ng3 Bg6 13. Nh4 Kh7 14. a5 d5 15. exd5 Nxd5 16. Nxg6 fxg6 17. Qf3 Nf6 18. a6 e4 19. dxe4 Ne5 20. Qe2 b6 21. Rd1 Qe7 22. Bb3 c5 23. Be3 Rab8 24. f4 Nf7 25. Bc2 Ng8 26. Qg4 Nf6 27. Qxg6+ Kh8 28. Bf2 Qc7 29. e5 Nxe5 30. fxe5 Rxe5 31. Ne4 Rxe4 32. Bxe4 Re8 33. Bf3 Bd6 34. Re1 Rf8 35. Bh4 Qf7 36. Qxf7 Rxf7 37. Red1 1-0